000 01011nac a22002897a 4500
001 BR8708155
003 BR-BrBNA
005 20240105120643.0
008 230509b bl.|||m| |||| 00| 0 por d
040 _aBR-BrBNA
_bpor
_cBiblioteca Nacional de Agricultura
072 _aQ02; Q04
090 _a9420 BR8708155
100 1 _aPereira, D.A.
100 1 _aSzpiz, R.R.
100 1 _aJablonka, F.H.
110 1 _aCentro Nacional de Pesquisa de Tecnologia Agroindustrial de Alimentos, Rio de Janeiro, RJ (Brasil)
245 1 _aManteiga de garrafa: analise e composicao
246 1 _a[Annalysis and composition of butter]
260 3 _aRio de Janeiro, RJ (Brasil):
_c1986.
300 _a4 p.
490 _aComunicado Tecnico - Centro Nacional de Pesquisa de Tecnologia Agroindustrial de Alimentos (Brazil)
_vno. 9
_xISSN 0101-5508
650 _aMANTEIGA
650 _aCOMPOSICAO QUIMICA
650 _aINDUSTRIA ALIMENTICIA
909 _a202312
_bLúcia Elande
_c55
_dLúcia Elande
942 _2AGRIS
_n0
_cMS
999 _c280705
_d280705